• 首页
  • 本馆介绍
  • 公告通知
  • 最新文献
  • 馆藏检索
  • 电子资源
  • 读者导购
  • 参考咨询
  • 我的图书馆
  • 登录
  • 详细信息显示
  • 放入我的书架
  • 预约/预借图书
  • 作者相关作品
  • 分类相关作品
  • 丛书相关作品
  • 出版社相关作品

书目信息

  • 表格格式
  • 工作单格式
  • 卡片格式
题名:
和平的幻想
    
 
作者: 肖尔茨 著 ;邓辛 译
分册: 下册  
出版信息: 北京   商务印书馆  1982
页数: 493-1099页
开本: 19cm
丛书名:
单 册:
中图分类: D871.29
科图分类:
主题词: 外交史--美国 , 对外关系--国际关系史--美国
电子资源:
ISBN:
000 00827nam0 2200265 45
001 0182008386
005 20050630152005.0
010    @dCNY1.95
091    @a3017.309
100    @a19950427d1982 em y0chiy0121 ea
101 1  @achi@ceng
102    @aCN@b110000
105    @ay z 000yy
200 10 @a和平的幻想@Ahe ping de huan xiang@e尼克松外交内幕@ENi Ke Song Wai JiaoNei Mu@h下册@f(美)塔德·肖尔茨著@F(Mei)Ta De·Xiao Er Ci Zhu@g邓辛等译
210    @a北京@c商务印书馆@d1982
215    @a493-1099页@d19cm
517    @a尼克松外交内幕@ANi Ke Song Wai Jiao Nei Mu
606 0  @a外交史@y美国
606 0  @a对外关系@x国际关系史@y美国
690    @aD871.29@v3
701  0 @a肖尔茨@4著
702  0 @a邓辛@Adeng xin@4译
801  0 @aCN@b上海图书馆@c20040430
801  2 @aCN@bNLC@c20040430
905    @dD871.29@e16:2@f1@b175574
    
    和平的幻想:尼克松外交内幕.下册/(美)塔德·肖尔茨著/邓辛等译.-北京:商务印书馆,1982
    493-1099页;19cm
    
    
    ISBN :CNY1.95
    
●
相关链接 在E读中查询图书 在五车中查询图书 在当当中查询图书 在豆瓣中查询图书


正题名:和平的幻想     索取号:D871.29/16:2         预约/预借

序号 登录号 条形码 馆藏地/架位号 状态 备注
1 0175570   001028131   密集书库/ [索取号:D871.29/16:2] 在馆    
2 0175571   001016064   密集书库/ [索取号:D871.29/16:2] 在馆    
3 0175572   001023902   密集书库/ [索取号:D871.29/16:2] 在馆    
4 0175573   001028159   第一借阅区/ [索取号:D871.29/16:2] 在馆    
5 0175574   001023895   第一样本阅览室/ [索取号:D871.29/16:2] 在馆    
唐山师范学院图书馆 欢迎您!
大连网信软件有限公司© 版权所有